| 000 | 00403nam a22001697a 4500 | ||
|---|---|---|---|
| 005 | 20180518122259.0 | ||
| 008 | 160521b xxu||||| |||| 00| 0 eng d | ||
| 020 | _a0-534-3857-X | ||
| 041 | _aeng | ||
| 082 |
_b3648 _a519.2 |
||
| 100 |
_aD.L. Minh _9909 |
||
| 245 | _aApplied Probability Models | ||
| 260 | _bThomson asia (p) Ltd | ||
| 300 | _a323 | ||
| 650 |
_aDIPLOMA ENGINEERING _9817 |
||
| 942 | _cBK | ||
| 999 |
_c1247 _d1247 |
||